000 00818nam a22002897a 4500
003 CHAP
005 20220329143742.0
008 110607s1962 us a r 00010 eng d
010 _a101424
011 _a102396
020 _a058258224
035 _a113084
040 _cCHAP
082 0 4 _a823
_bB31
100 1 _aBates, H. E.
_910793
245 1 4 _aThe jacaranda tree
_c/por H. E. Bates
260 _aLondres :
_bLongman,
_cc1962
300 _a115 p. :
_bilus.
590 _aBATCH-UPD
_b10
_c20130110
_lUCH01
_h1538
590 _aCONVERSION
_b10
_c20130109
_lUCH01
_h1356
650 1 4 _aCuentos.
_930096
650 1 4 _aGuerra Mundial (
_y2a) 1939-1945.
_951151
650 1 4 _aLiteratura inglesa.
_967134
901 _aBK
942 _cLIBRO
949 _a823 B31
_bBC
_cLIBRO
_d33724002247900
_eLIBRO
_h115.146
_i113084
_sb
999 _c101424
_d101424